000 01174nam a2200313 a 4500
999 _c10970
_d10970
001 10970
003 BD-JhCC
005 20220526134020.0
008 190609t20172018nyua j 001 0 eng d
020 _a9781465463098 (paperback)
020 _a1465463097 (paperback)
020 _a9780241285107
020 _a0241285100
020 _a9780241365700
035 _a(BD-JhCC)10970
040 _aYDX
_cYDX
_erda
_dBTCTA
_dBDX
_dYT1
_dCHILD
_dJAI
_dJN3
_dCLE
_dAU@
_dOCLCF
_dSINLB
_dYW6
_dNYP
_dDLC
_dBD-JhCC
041 _aeng
082 _a550
_bSHA 2018
100 1 _aSharif-Draper, Maryam,
245 0 0 _aEarth /
_cauthor and consultant: Maryam Sharif-Draper.
250 _aFirst American edition.
260 _aLondon :
_bDK Children,
_c2018
300 _a64 pages :
_bcolor illustrations ;
_c24 cm.
490 1 _aDK find out!
500 _aIncludes index.
520 _aHave you ever wanted to know which is the tallest mountain on Earth? Or which continent is the largest? DKfindout! Earth is packed with surprising facts and amazing pictures. It is a fascinating book filled with big ideas.
650 0 _aEarth sciences
_vJuvenile literature.
942 _2ddc
_cBK
_03